000
00287nam a22001217a 4500
008
180425b xxu||||| |||| 00| 0 eng d
041
_a
eng
080
_a
043.3
100
_a
0
101
_a
ARK-BTH
245
_a
Analize e objektit të banimit sezonal-Stani
_c
Blakaj,D
942
_2
udc
_c
BK
999
_c
45549
_d
45549